Gaming Quiz

Random Gaming Quiz

Heroes of might and magic 5 academy creatures Quiz Stats

Quiz not verified by Sporcle

Challenge
Share
Tweet
Embed
Score 0/21 Timer 10:00
0 Plays Today
Tier/upgrade Creature % Correct
1/1Gremlin
95.2%
4/1Mage
85.7%
3/1Iron golem
81%
7/2aTitan
81%
1/2aMaster gremlin
76.2%
2/2aObsidian gargoyle
76.2%
4/2aArchmage
76.2%
7/1Colossus
76.2%
1/2bGremlin saboteur
71.4%
2/1Stone gargoyle
71.4%
3/2aSteel golem
71.4%
Tier/upgrade Creature % Correct
4/2bBattle mage
71.4%
5/1Djinn
71.4%
7/2bStorm Titan
71.4%
3/2bMagnetic golem
66.7%
6/1Rakshasa rani
66.7%
6/2aRakshasa raja
66.7%
5/2aDjinn sultan
61.9%
2/2bElemental gargoyle
57.1%
5/2bDjinn vizier
52.4%
6/2bRakshasa kshatra
52.4%

You're not logged in!

Compare scores with friends on all Sporcle quizzes.
Sign Up with Email
OR
Log In

You Might Also Like...

Show Comments

Extras

Top Quizzes Today


Score Distribution

Your Account Isn't Verified!

In order to create a playlist on Sporcle, you need to verify the email address you used during registration. Go to your Sporcle Settings to finish the process.

Report this User

Report this user for behavior that violates our Community Guidelines.

Details: